Normal view MARC view
  • Mighty one the wizard and other stories

Entry Topical Term

Number of records used in: 1

001 - CONTROL NUMBER

  • control field: 125129

003 - CONTROL NUMBER IDENTIFIER

  • control field: NUST

005 - DATE AND TIME OF LATEST TRANSACTION

  • control field: 20240813171130.0

008 - FIXED-LENGTH DATA ELEMENTS

  • fixed length control field: 240813|| aca||aabn | a|a d

040 ## - CATALOGING SOURCE

  • Original cataloging agency: NUST
  • Transcribing agency: NUST

150 ## - HEADING--TOPICAL TERM

  • Topical term or geographic name entry element: Mighty one the wizard and other stories

670 ## - SOURCE DATA FOUND

  • Source citation: Work cat.: (NUST): Grid blyton 125128, Mighty one the wizard and other stories , 2003.
© 2023 Central Library, National University of Sciences and Technology. All Rights Reserved.